Statistics for Countries of Asia with No Clues

Click here to take the quiz!

General Stats

  • This quiz has been taken 39 times
    (31 since last reset)
  • The average score is 43 of 48

Answer Stats

Country% Correct
China
100%
Indonesia
100%
Japan
100%
India
96%
Iran
96%
Iraq
96%
Malaysia
96%
Mongolia
96%
North Korea
96%
South Korea
96%
Thailand
96%
Vietnam
96%
Afghanistan
93%
Bhutan
93%
Cambodia
93%
Israel
93%
Laos
93%
Nepal
93%
Oman
93%
Pakistan
93%
Singapore
93%
Sri Lanka
93%
Taiwan
93%
Tajikistan
93%
Turkmenistan
93%
Yemen
93%
Bangladesh
89%
Jordan
89%
Kazakhstan
89%
Kyrgyzstan
89%
Myanmar
89%
Philippines
89%
Syria
89%
United Arab Emirates
89%
Uzbekistan
89%
Azerbaijan
86%
Bahrain
86%
East Timor
86%
Lebanon
86%
Saudi Arabia
86%
Turkey
86%
Georgia
82%
Armenia
79%
Brunei
79%
Qatar
79%
Maldives
75%
Kuwait
68%
Cyprus
64%

Score Distribution

Percentile by Number Answered

Percent of People with Each Score

Your Score History

You have not taken this quiz since the last reset